[Event "EU-chT Seniors 12th"]
[Site "Dresden"]
[Date "2010.02.18"]
[Round "9"]
[White "Holsteijn, Gerrit"]
[Black "Braun, Gottfried"]
[Result "0-1"]
[WhiteElo "2008"]
[BlackElo "2215"]
[PlyCount "76"]
[EventDate "2010.02.10"]
[EventType "team-swiss"]
[EventRounds "9"]
[EventCountry "GER"]
[SourceTitle "CBM 134 Extra"]
[Source "ChessBase"]
[SourceDate "2010.03.03"]
[SourceVersion "1"]
[SourceVersionDate "2010.03.03"]
[SourceQuality "1"]
[WhiteTeam "Amsterdam VAS (Seniors)"]
[BlackTeam "Leipzig (Seniors)"]
[WhiteTeamCountry "NED"]
[BlackTeamCountry "GER"]

1. d4 d6 2. Nf3 Nf6 3. c4 Nc6 4. Bf4 Nh5 5. Bg5 h6 6. Bh4 g5 7. Bg3 Bg7 8. e3 Nxg3 9. hxg3 e5 10. d5 e4 11. Nc3 exf3 12. dxc6 bxc6 13. Qxf3 Bd7 14. Rc1 0-0 15. Bd3 Qb8 16. Qe2 Qb4 17. Kf1 Rab8 18. Nd1 Rfe8 19. b3 a5 20. Bc2 Qc5 21. Qd3 f5 22. Nc3 Qe5 23. Ne2 c5 24. Re1 Re7 25. Ng1 Qc3 26. Ne2 Qxd3 27. Bxd3 a4 28. Bc2 axb3 29. axb3 Ra8 30. Nc1 Ra1 31. Ke2 Re8 32. Rd1 Rea8 33. e4 Re8 34. Kf3 Bc6 35. Rhe1 Bc3 36. Ne2 Bxe1 37. Rxa1 Bd2 38. Ra7 g4# 0-1

[Event "EU-chT Seniors 11th"]
[Site "Velden"]
[Date "2009.04.11"]
[Round "7"]
[White "Grom, Waldemar"]
[Black "Holsteijn, Gerrit"]
[Result "1/2-1/2"]
[WhiteElo "1975"]
[BlackElo "1994"]
[PlyCount "138"]
[EventDate "2009.04.05"]
[EventType "team-swiss"]
[EventRounds "9"]
[EventCountry "AUT"]
[SourceTitle "CBM 129 Extra"]
[Source "ChessBase"]
[SourceDate "2009.05.05"]
[SourceVersion "2"]
[SourceVersionDate "2009.05.20"]
[SourceQuality "1"]

1. c4 Nf6 2. Nc3 e6 3. g3 d5 4. cxd5 exd5 5. Bg2 c6 6. d4 Bd6 7. Nf3 0-0 8. 0-0 h6 9. Ne5 Bf5 10. h3 Nbd7 11. f4 Ne4 12. Nxe4 Bxe4 13. Bxe4 dxe4 14. Qb3 Qc7 15. Bd2 a5 16. Rac1 a4 17. Qc2 Rfe8 18. e3 Nb6 19. Kg2 f6 20. Ng4 h5 21. Nf2 f5 22. a3 Nd5 23. Qc4 Kh7 24. h4 Rec8 25. Nh3 Kg6 26. Rc2 b5 27. Qe2 Rab8 28. Rfc1 Qb6 29. Ng5 c5 30. Ne6 c4 31. Ng5 Rc7 32. Kh2 Kh6 33. Qe1 Ra7 34. Qf1 g6 35. Qe2 Kg7 36. Rd1 Kf6 37. Qg2 Re8 38. Qf2 Rc8 39. Rdc1 Rac7 40. Qe1 Qa6 41. Nh3 Rc6 42. Ng1 b4 43. axb4 Qb5 44. Ne2 Bxb4 45. Nc3 Bxc3 46. bxc3 Rb6 47. Ra1 Qb3 48. Rca2 Ra8 49. Qc1 Ke6 50. Kh3 Kd7 51. Ra3 Qb2 52. Qe1 Qc2 53. R3a2 Rb2 54. Rxb2 Qxb2 55. Rb1 Qc2 56. Qc1 Qxc1 57. Rxc1 a3 58. Ra1 a2 59. Kg2 Kc6 60. Kf1 Ra3 61. Ke1 Kb5 62. Kd1 Nxc3+ 63. Kc2 Na4 64. Bc1 Kb4 65. Bxa3+ Kxa3 66. d5 Nc5 67. d6 Nd7 68. Kc3 Nf6 69. Rd1 Nd7 1/2-1/2

[Event "EU-chT Seniors 11th"]
[Site "Velden"]
[Date "2009.04.10"]
[Round "6"]
[White "Holsteijn, Gerrit"]
[Black "Stuerzenbaum, Arthur"]
[Result "0-1"]
[WhiteElo "1994"]
[BlackElo "2189"]
[PlyCount "102"]
[EventDate "2009.04.05"]
[EventType "team-swiss"]
[EventRounds "9"]
[EventCountry "AUT"]
[SourceTitle "CBM 129 Extra"]
[Source "ChessBase"]
[SourceDate "2009.05.05"]
[SourceVersion "2"]
[SourceVersionDate "2009.05.20"]
[SourceQuality "1"]

1. d4 Nf6 2. c4 g6 3. g3 Bg7 4. Bg2 0-0 5. Nf3 d6 6. 0-0 Nbd7 7. Qc2 e5 8. Rd1 Qe7 9. Nc3 c6 10. h3 exd4 11. Nxd4 Nc5 12. Bf4 Nfd7 13. Nxc6 bxc6 14. Bxc6 Bb7 15. Bxd6 Qe6 16. Bxb7 Nxb7 17. Bxf8 Nxf8 18. Rd5 Qxh3 19. Rad1 Rc8 20. b3 Bxc3 21. Qxc3 Nc5 22. R5d4 Qe6 23. Qf3 Qe7 24. Qg4 Nce6 25. R1d3 Rc7 26. e4 Nd7 27. e5 Ndc5 28. Rd1 Ng7 29. Rd8+ Ne8 30. f4 Ne6 31. R8d5 N8g7 32. Qf3 h5 33. Kh2 Nf5 34. Rd6 Nh6 35. Qd3 Ng4+ 36. Kg2 Kg7 37. Rh1 Rc8 38. Kf3 Qb7+ 39. Qd5 Qb4 40. Rd1 Re8 41. Rc1 Qa3 42. Rc2 Qb4 43. Qd2 Qb7+ 44. Qd5 Nd4+ 45. Ke4 Qxd5+ 46. cxd5 Nxc2 47. Kd3 Rc8 48. Rd7 Nb4+ 49. Kd4 Nh6 50. e6 Kf6 51. Rxa7 fxe6 0-1